000 00556nam a2200229Ia 4500
003 OSt
005 20221005132734.0
006 a|||||r|||| 00| 0
007 ta
008 221004b |||||||| |||| 00| 0 tel d
024 _a61861
037 _cTextual
040 _aCRL
_cCRL
_btel
041 _2tel
_atel
082 _aP168:4k, 35N6
100 _aRamaraju
_9223102
245 0 _aUrdu Telugu dictirary
260 _c1996
650 _aLINGUISTICS
942 _hP168:4k, 35N6
_cTEXL
_2cc
999 _c1064638
_d1064638